00523nam a22001697a 450000500170000000800410001704000070005804100120006508200220007710000260009924500340012526000480015930000330020765000520024065000310029270000300032320220524114117.0220524b ||||| |||| 00| 0 eng d cAL aEnglish 223a923.254bDESD aValji Govindji Desai  aDiary of Mahadev Desai Vol I aAhmedabadbNavajivan Publishing Housec1953 aviii,336 p.bHBc21.5x14 cm. aDesai, Mahadev H. (Mahadev Haribhai), 1892-1942 aGandhi, Mahatma, 1869-1948 aDESAI (Valji Govindji) Ed